| 000 | 02424cam a22005894i 4500 | ||
|---|---|---|---|
| 003 | PE-LiUPU | ||
| 005 | 20250731165605.0 | ||
| 008 | 150706s r 000 0 d | ||
| 020 | _a9789701514573 | ||
| 035 | _a(Sirsi) i9789701514573 | ||
| 040 |
_aPE-LiUPU _bspa _cPE-LiUPU _erda |
||
| 049 | _aPRUA | ||
| 082 | 0 | 4 |
_a001.6424 _bR63 _221 |
| 100 | 1 |
_aRíos Insúa, David, _eautor. |
|
| 245 | 1 | 0 |
_aSimulación métodos y aplicaciones / _cDavid Ríos Insúa. |
| 250 | _a2a ed. | ||
| 264 | 1 |
_aMéxico : _bAlfaomega, _c2009. |
|
| 300 |
_a388 páginas : _bilustraciones ; _c23 centímetros |
||
| 336 |
_atext _2rdacontent |
||
| 337 |
_aunmediated _2rdamedia |
||
| 338 |
_avolume _2rdacarrier |
||
| 505 | 0 | _aConceptos básicos -- Números aleatorios -- Variables aleatorias -- Simulación de sucesos discretos -- Simulación y optimización -- Otras aplicaciones -- Analisis de resultados -- Reducción de la varianza -- Planificación de experimentos -- Probabilidades y estadística. | |
| 526 | _aSEG44 | ||
| 526 | _aSEG26 | ||
| 526 | _aP151 | ||
| 526 | _aP150 | ||
| 526 | _aP149 | ||
| 526 | _aP146 | ||
| 526 | _aP145 | ||
| 526 | _aP126 | ||
| 526 | _aP125 | ||
| 526 | _aP92 | ||
| 526 | _aP75 | ||
| 526 | _aP74 | ||
| 526 | _aP27 | ||
| 526 | _aP15 | ||
| 541 | _g015-0010863; | ||
| 541 | _g015-0014347; | ||
| 650 | 0 | 4 | _aSimulación de métodos. |
| 650 | 0 | 4 | _aSimulación por computadores. |
| 651 |
_aComputadoras _xUsos especiales. |
||
| 700 | 1 | _aJiménez, Jacinto Martín. | |
| 700 | 1 | _aRíos Insúa, Sixto | |
| 910 |
_bjv _clch _d20091110 |
||
| 942 |
_2ddc _cBOOK |
||
| 949 |
_a001.6424 R63 _wDEWEY _c1 _i60485 _lCCODEBUL1 _mBUL _p25.00 _r0 _sY _tBOOK _u2015-7-6 _xINGENIERIA _PP27 _0COMPRA _o.STAFF. Colección General |
||
| 949 |
_a001.6424 R63 _wDEWEY _c2 _i65574 _lCCODEBUL1 _mBUL _p31.00 _r0 _sY _tBOOK _u2015-7-6 _xINGENIERIA _PP27 _0COMPRA _o.STAFF. Colección General |
||
| 994 |
_aC0 _bPEPRU |
||
| 596 | _a1 | ||
| 999 |
_a001.6424 R63 _wDEWEY _c50076 _i60485 _d50076 _f2021-11-4 _g7 _lCCODEBUL1 _mBUL _p25.00 _q2 _r0 _sY _tBOOK _u2015-7-6 _xBIBLIOTECA _PP27 _0COMPRA _o.STAFF. Colección General |
||
| 999 |
_a001.6424 R63 _wDEWEY _c2 _i65574 _f2019-12-10 _g6 _lDISCARD _mBUL _p31.00 _q1 _r1 _sY _tBOOK _u2015-7-6 _xINGENIERIA _PP27 _0COMPRA _o.STAFF. Colección General |
||
| 980 |
_81 _gALBERTO SANCHEZ Responsable de Automatización |
||